Statistiques concernant Paroles Indochine - La vie est belle

Cliquez ici pour prendre le quiz!

Statistiques générales

  • Ce quiz a été pris 94 fois
  • Le résultat moyen est 228 sur 275

Statistiques - réponses

Paroles% Correct
Je
98%
je
98%
la
98%
La
98%
et
97%
Et
97%
Moi
97%
moi
97%
suis
97%
vie
97%
à
95%
belle
95%
est
95%
toi
95%
Elle
93%
elle
93%
93%
ne
93%
pour
93%
Nous
92%
nous
92%
au
90%
cru
90%
ici
90%
que
90%
fois
88%
n'être
88%
on
88%
On
88%
parfois
88%
qu'avec
88%
te
87%
aussi
85%
cruelle
85%
ressemble
85%
ça
83%
tu
82%
le
80%
Ma
80%
mais
77%
y
77%
qui
75%
aurait
73%
mien
70%
sera
70%
Ton
70%
ton
70%
de
68%
nos
68%
Comme
67%
moins
67%
plus
67%
sourires
67%
cancer
65%
faire
65%
joies
65%
loin
65%
quelqu'un
65%
verras
65%
dont
63%
parlera
63%
pourra
63%
serai
63%
irions
62%
si
62%
J'étais
60%
j'étais
60%
nuit
60%
pas
60%
pourras
60%
qu'un
60%
réussir
60%
sang
60%
finir
58%
juste
58%
Tout
58%
avec
57%
fera
57%
va
55%
vu
55%
tristes
53%
trop
52%
vite
52%
finira
50%
l'on
50%
serions
50%
vivre
50%
pourtant
48%
seuls
48%
fier
47%
invincibles
47%
près
47%
C'était
43%
clair
43%
tous
42%
les
38%
voulions
32%
possibles
28%

Distribution des résultats

Percentile par nombre de réponses

% des personnes avec chaque résultat

Votre développement - résultats

Vous n’avez pas pris ce quiz